<?xml version="1.0" encoding="UTF-8"?>
<record
    xmlns:xsi="http://www.w3.org/2001/XMLSchema-instance"
    xsi:schemaLocation="http://www.loc.gov/MARC21/slim http://www.loc.gov/standards/marcxml/schema/MARC21slim.xsd"
    xmlns="http://www.loc.gov/MARC21/slim">

  <leader>00756nab a2200217 uc4500</leader>
  <controlfield tag="001">942683</controlfield>
  <controlfield tag="005">20250221082304.0</controlfield>
  <controlfield tag="008">050901s2005                        spa  </controlfield>
  <datafield tag="035" ind1=" " ind2=" ">
    <subfield code="a">942683</subfield>
  </datafield>
  <datafield tag="035" ind1=" " ind2=" ">
    <subfield code="a">(OCoLC)820332343</subfield>
  </datafield>
  <datafield tag="040" ind1=" " ind2=" ">
    <subfield code="c">comduadb</subfield>
  </datafield>
  <datafield tag="041" ind1=" " ind2=" ">
    <subfield code="a">spa</subfield>
  </datafield>
  <datafield tag="100" ind1="1" ind2="0">
    <subfield code="a">Massot Lafon, Maria Ines</subfield>
    <subfield code="4">aut</subfield>
    <subfield code="e">aut</subfield>
    <subfield code="9">408000</subfield>
  </datafield>
  <datafield tag="245" ind1="1" ind2="0">
    <subfield code="a">Hijas e hijos de inmigrantes : la mal llamada segunda generacion</subfield>
  </datafield>
  <datafield tag="650" ind1=" " ind2="7">
    <subfield code="a">Emigraci&#xF3;n e inmigraci&#xF3;n</subfield>
    <subfield code="2">lemb</subfield>
    <subfield code="9">9974</subfield>
  </datafield>
  <datafield tag="650" ind1=" " ind2="7">
    <subfield code="a">Identidad</subfield>
    <subfield code="2">lemb</subfield>
    <subfield code="9">32648</subfield>
  </datafield>
  <datafield tag="650" ind1=" " ind2=" ">
    <subfield code="a">Cambio generacional</subfield>
    <subfield code="9">138784</subfield>
  </datafield>
  <datafield tag="650" ind1=" " ind2=" ">
    <subfield code="a">Pertenencia</subfield>
    <subfield code="9">84400</subfield>
  </datafield>
  <datafield tag="773" ind1="0" ind2=" ">
    <subfield code="t">&#xC1;baco : Revista de Cultura y Ciencias Sociales (Gij&#xF3;n)</subfield>
    <subfield code="g">No. 43, Ene.-Mar. 2005, p. 67-78</subfield>
    <subfield code="w">(CO-MdUADB)727988</subfield>
    <subfield code="x">0213-6252</subfield>
    <subfield code="0">237052</subfield>
    <subfield code="9">897453</subfield>
    <subfield code="o">0565835</subfield>
  </datafield>
  <datafield tag="942" ind1=" " ind2=" ">
    <subfield code="c">ARIMP</subfield>
  </datafield>
  <datafield tag="999" ind1=" " ind2=" ">
    <subfield code="c">363867</subfield>
    <subfield code="d">363867</subfield>
  </datafield>
</record>
